| Tag |
First Indicator |
Second Indicator |
Subfields |
| LEADER |
00000cam a2200000 4500 |
| 001 |
in00000052447 |
| 005 |
20151007072052.0 |
| 008 |
721218s1961 nyua b 00000 eng u |
| 010 |
|
|
|a 61014195
|
| 035 |
|
|
|a (OCoLC)00519131
|
| 035 |
|
|
|9 AAE7174AM
|
| 040 |
|
|
|c KSU
|d TXA
|d UtOrBLW
|
| 049 |
|
|
|a TXAM
|c [347657]
|
| 050 |
|
0 |
|a QC801.3
|b .W5
|
| 092 |
|
|
|a 551
|b W749i, 1961
|
| 100 |
1 |
|
|a Wilson, J. Tuzo
|q (John Tuzo),
|d 1908-1993.
|
| 245 |
1 |
0 |
|a I. G. Y., the year of the new moons /
|c Foreword by Lloyd V. Berkner.
|
| 250 |
|
|
|a [1st ed.].
|
| 264 |
|
1 |
|a New York :
|b Knopf,
|c 1961.
|
| 300 |
|
|
|a 350 pages :
|b illustrations ;
|c 22 cm.
|
| 336 |
|
|
|a text
|b txt
|2 rdacontent
|
| 337 |
|
|
|a unmediated
|b n
|2 rdamedia
|
| 338 |
|
|
|a volume
|b nc
|2 rdacarrier
|
| 504 |
|
|
|a Includes bibliography.
|
| 650 |
|
0 |
|a International Geophysical Year, 1957-1958.
|
| 999 |
|
|
|a MARS
|
| 999 |
f |
f |
|s 314f7aee-0dcb-3ad5-9230-4aca4d626d0a
|i 66d7f7e0-187a-3b58-90f2-dad85d65bc71
|t 0
|
| 952 |
f |
f |
|p ric
|a Texas A&M University
|b Rellis Campus
|c Joint Library Facility
|d Remote Storage
|t 0
|e QC801.3 .W5
|h Library of Congress classification
|i unmediated -- volume
|m A14800950333
|
| 998 |
f |
f |
|a QC801.3 .W5
|t 0
|l Remote Storage
|